KOHA-Header-6

Leading Change (Record no. 9453)

000 -LEADER
fixed length control field 00250nam a2200109Ia 4500
100 ## - MAIN ENTRY--AUTHOR NAME
Personal name Olu Ajayi
245 #0 - TITLE STATEMENT
Title Leading Change
260 ## - PUBLICATION, DISTRIBUTION, ETC. (IMPRINT)
Place of publication New Jersey
Name of publisher Thomson South
Year of publication 1979
300 ## - PHYSICAL DESCRIPTION
Number of Pages 480
942 ## - ADDED ENTRY ELEMENTS (KOHA)
Koha item type Books
Holdings
Withdrawn status Lost status Collection code Permanent Location Current Location Shelving location Date acquired Full call number Accession Number Koha item type
    Management MAJU MAJU   2019-09-14 658.15 5208 Management

Powered by Koha